000 00767nam a22002537a 4500
001 25512
005 20260428174916.0
008 260427b |||||||| |||| 00| 0 spa d
020 _a9786123113964
041 _aESP
082 _a346.24
_bC25
100 _aCanales Torres, Claudia
_eAUT
245 _aMatrimonio :
_binvalidez, separación y divorcio
250 _aPrimera edición
260 _aLima :
_bGaceta Jurídica,
_c2016
300 _a192 páginas :
_b ;
_c24 cm.
440 _a ;
650 _aCIS
653 _aMatrimonio, aspectos legales, Perú; Divorcio aspectos legales, Perú
654 _aCDE
700 _a;
856 _zVéase además: Biblioteca digital
_uhttps://itmsp.museknowledge.com/UCSP?groupID=2
942 _cLIB
_dJUS
_fMIP
_n0
_2ddc
999 _c25512
_d25512